Spain - Province to Region - Statistics

General Stats
  • This quiz has been taken 36 times
  • The average score is 13 of 20
Answer Stats
Hint Answer % Correct
Barcelona Catalonia
86%
Seville Andalusia
83%
Las Palmas Canary Islands
83%
León Castile and León
79%
Málaga Andalusia
76%
Córdoba Andalusia
72%
Granada Andalusia
72%
Toledo Castilla-La Mancha
72%
Girona Catalonia
69%
Zaragoza Aragon
66%
A Coruña Galicia
66%
Alicante Valencian Community
66%
Biscay Basque Country
62%
Burgos Castile and León
62%
Lugo Galicia
59%
Valladolid Castile and León
55%
Huesca Aragon
52%
Badajoz Extremadura
52%
Salamanca Castile and León
41%
Albacete Castilla-La Mancha
34%
No matching quizzes found
Score Distribution
Percent of People with Each Score
Percentile by Number Answered
Your Score History
You have not taken this quiz